| 000 | 00880nam a2200253Ia 4500 | ||
|---|---|---|---|
| 003 | OSt | ||
| 005 | 20220923212802.0 | ||
| 006 | a|||||r|||| 00| 0 | ||
| 007 | ta | ||
| 008 | 220922b |||||||| |||| 00| 0 hin d | ||
| 024 | _a155,800 | ||
| 037 | _cTextual | ||
| 040 |
_aARTS _cARTS _bhin |
||
| 041 |
_2hin _ahin |
||
| 082 | _aO152:f, L3 | ||
| 100 |
_aसूरती, उर्वशी जे0 _9162746 |
||
| 245 | 0 | _aअनुसंधान का व्यावहारिक स्वरूप | |
| 246 | _aAnusandhān kā vyāvahārik svarūpa | ||
| 260 |
_aबम्बई _b हिन्दी ग्रंथ रत्नाकर _c1973 |
||
| 300 |
_a184 पृ. _ccm. |
||
| 650 |
_aहिन्दी साहित्य _9156264 |
||
| 942 |
_hO152:f, L3 _cTEXL _2CC |
||
| 999 |
_c311268 _d311268 |
||